Normal view MARC view
  • Hussaini, S. M. A.

Entry Personal Name

Number of records used in: 1

001 - CONTROL NUMBER

  • control field: 93865

003 - CONTROL NUMBER IDENTIFIER

  • control field: NUST

005 - DATE AND TIME OF LATEST TRANSACTION

  • control field: 20220719142200.0

008 - FIXED-LENGTH DATA ELEMENTS

  • fixed length control field: 220719|| aca||aabn | a|a d

040 ## - CATALOGING SOURCE

  • Original cataloging agency: NUST
  • Transcribing agency: NUST

100 ## - HEADING--PERSONAL NAME

  • Personal name: Hussaini, S. M. A.
  • Fuller form of name: (Syed Masood Akhtar),
  • Dates associated with a name: 1951-

670 ## - SOURCE DATA FOUND

  • Source citation: Work cat.: (NUST)0: Hussaini, S. M. A. (Syed Masood Akhtar), 1951-, PAF over the years /, 2007.
© 2023 Central Library, National University of Sciences and Technology. All Rights Reserved.